000 nam a22 a 4500
999 _c161143
_d161143
003 BLK
005 20220706152901.0
008 180410b bul|||||r ||||||| ||bul||
040 _aBLK
041 _aBUL
_cBUL
080 _aБио-библиографии
_b016:929
_z016:929
080 _aРуска литература
_b821.161.1
_x(092)(01)
_z821.161.1(092)(01)
080 _aСъветски детски писател
_b929 Гайдар, Аркадий
_z929 Гайдар, Аркадий
100 1 _aДимитрова, Иванка
_eпърви автор
_9378361
139 _aДимитрова, Иванка и др.
_bГ 16
245 1 0 _aАркадий Гайдар
_bБио-библиогр. справка
_cИванка Димитрова, Христина Шаллиева.
257 _aBGR
260 _aСофия
_bДом на лит. и изкуствата за деца и юноши
_c1970
_fСофия : ДСП Реклама
300 _a24 с.
_b1 л. портр.
_c20 см
380 _a0
490 _aБиблиотека Детски писатели
_9204081
500 _aАвт. не са дадени на кор. - 3 000 тир.
600 1 4 _aГайдар, Аркадий
_9328458
650 4 _aПисатели, руски - библиографии
_9278268
653 _aАркадий Гайдар
653 _aбио-библиографии
653 _aруски писатели
653 _aсъветски писатели
700 1 _aШаллиева, Христина
_eсъавт.
_9142592
852 _aЦб 56076
_bЦб
856 4 _qpdf
856 4 _qpdf
942 _cKNG
_n0
_s1
944 _aCR
_c05.12.2014
_l05.12.2014 - от С1,Р / 05.12.2014
_kЕлица_Владова
944 _aED
_l2022-07-06
_kКети
999 _d161143